Kader - SC Freiburg 2020/2021 - Statistiken

Allgemein
  • Dieses Quiz wurde 120 mal gespielt
  • Das Durchschnittsergebnis liegt bei 15 aus 24
Antwortstatistiken
Position Antwort % Korrekt
18 ST Nils Petersen
95%
26 TW Mark Flekken
94%
9 ST Lucas Höler
90%
32 LM Vincenzo Grifo
90%
27 ZDM Nicolas Höfler
87%
31 IV Keven Schlotterbeck
82%
3 IV Philipp Lienhart
82%
7 RV Jonathan Schmid
81%
30 LV Christian Günther
70%
11 ST Ermedin Demirovic
69%
1 TW Benjamin Uphoff
68%
17 RV Lukas Kübler
66%
5 IV Manuel Gulde
66%
22 RM Roland Sallai
65%
21 TW Florian Müller
63%
19 ZM Janik Haberer
63%
8 ZDM Baptiste Santamaria
50%
29 RM Woo-yeong Jeong
49%
36 ZDM Yannik Keitel
44%
23 IV Dominique Heintz
40%
28 RM Chang-hoon Kwon
27%
40 TW Niclas Thiede
25%
14 ZOM Guus Til
16%
34 ZM Lino Tempelmann
15%
Keine übereinstimmenden Quizze gefunden
Verteilung der Resultate
Anzahl Personen mit jedem Resultat
Perzentil nach korrekt beantworteten Fragen
Ihre Resultats-Entwicklung
Sie haben dieses Quiz noch nicht gespielt